| 000 | 01205cam a22003135i 4500 | ||
|---|---|---|---|
| 999 |
_c28414 _d28385 |
||
| 001 | 19788596 | ||
| 003 | EG-ScBUE | ||
| 005 | 20200805115504.0 | ||
| 008 | 170715t20182018flua f b 001 0 eng d | ||
| 020 | _a9781482244915 (hardback : alk. paper) | ||
| 040 |
_aDLC _beng _erda _cDLC _dDLC _dEG-ScBUE |
||
| 082 | 0 | 4 |
_a006.6 _bMAJ _222 |
| 100 | 1 |
_aMajumder, Aditi, _eauthor. |
|
| 245 | 1 | 0 |
_aIntroduction to visual computing : _bcore concepts in computer vision, graphics, and image processing / _cAditi Majumder, University of California, Irvine, USA, M. Gopi, University of California, Irvine, USA. |
| 264 | 1 |
_aBoca Raton, FL : _bCRC Press / Taylor & Francis Group, _c[2018] |
|
| 264 | 4 | _cc2018 | |
| 300 |
_axvi, 376 pages : _billustrations ; _c24 cm |
||
| 336 |
_atext _btxt _2rdacontent |
||
| 337 |
_aunmediated _bn _2rdamedia |
||
| 338 |
_avolume _bnc _2rdacarrier |
||
| 504 | _aIncludes bibliographical references and index. | ||
| 650 | 7 |
_aVisual programming (Computer science) _2BUEsh |
|
| 650 | 7 |
_aComputer graphics. _2BUEsh |
|
| 650 | 7 |
_aImage processing _xDigital techniques. _2BUEsh |
|
| 653 |
_bCOMSCI _cJuly2020 |
||
| 655 |
_vText book _933728 |
||
| 700 | 1 |
_aGopi, M., _eauthor. |
|
| 942 |
_2ddc _cBB |
||